Atlas de mineralogía

Gespeichert in:
Bibliographische Detailangaben
1. Verfasser: Gold Gormaz, Guillermo (VerfasserIn)
Format: Buch
Sprache:Spanisch
Veröffentlicht: Barcelona Edibook 1991
Schriftenreihe:Colección de atlas de ciencias
Schlagworte:
Tags: Tag hinzufügen
Keine Tags, Fügen Sie den ersten Tag hinzu!

MARC

LEADER 00000nam a2200000 a 4500
001 UCY2314
003 CL-VaPUC
008 941020e19910000SP |||||||||||||||||spa|d
082 0 4 |a 549  |b GOL  |2 21 
100 |a Gold Gormaz, Guillermo  |e author  |9 330372 
245 1 0 |a Atlas de mineralogía 
300 |a 96 p 
942 |c BK 
945 |d 19941020 00:00:00  |a mfernand 
260 |a Barcelona  |b Edibook  |c 1991 
650 7 |a MINERALOGIA ATLAS  |2 CL-VaPUC  |9 330373 
583 |a last modification  |c 19941020 00:00:00  |k Rodrigo Vera 
490 0 |a Colección de atlas de ciencias 
999 |c 230759  |d 230757 
952 |0 0  |1 0  |4 0  |6 549_000000000000000_GOL_1991  |7 0  |8 X  |9 233274  |a BIBING  |b BIBING  |d 2019-11-15  |i 3030202  |l 5  |o 549 GOL 1991  |p 3030202  |r 2025-01-20  |s 2023-05-15  |w 2019-11-15  |y BK_X  |k GEO